Foto de escritor : (Record no. 783)
[ view plain ]
| 000 -LEADER | |
|---|---|
| campo de control de longitud fija | 01568nam a2200289 a 4500 |
| 001 - NÚMERO DE CONTROL | |
| campo de control | 3568445 |
| 005 - FECHA Y HORA DE LA ÚLTIMA TRANSACCIÓN | |
| campo de control | 20220326193337.0 |
| 008 - DATOS DE LONGITUD FIJA--INFORMACIÓN GENERAL | |
| campo de control de longitud fija | 980612s1998 ag a 000 0 spa |
| 010 ## - NÚMERO DE CONTROL DE LA BIBLIOTECA DEL CONGRESO | |
| Número de control de LC | 98160026 |
| 020 ## - NÚMERO INTERNACIONAL ESTÁNDAR DEL LIBRO | |
| Número Internacional Estándar del Libro | 9509536202 |
| 035 ## - NÚMERO DE CONTROL DEL SISTEMA | |
| Número de control de sistema | (AgBaFGC)gc 960033260006 |
| 040 ## - FUENTE DE CATALOGACIÓN | |
| Centro catalogador/agencia de origen | DLC |
| Centro/agencia transcriptor | DLC |
| 043 ## - CÓDIGO DE ÁREA GEOGRÁFICA | |
| Código de área geográfica | cl----- |
| 082 00 - NÚMERO DE LA CLASIFICACIÓN DECIMAL DEWEY | |
| Número de clasificación | 779.209.2 |
| Número de ítem | F141f |
| 100 1# - ENTRADA PRINCIPAL--NOMBRE DE PERSONA | |
| Nombre de persona | Facio, Sara. |
| 9 (RLIN) | 4194 |
| 245 10 - MENCIÓN DEL TÍTULO | |
| Título | Foto de escritor : |
| Resto del título | 1963/1973 / |
| Mención de responsabilidad, etc. | Sara Facio. |
| 250 ## - MENCION DE EDICION | |
| Mención de edición | 1a. ed. |
| 260 ## - PUBLICACIÓN, DISTRIBUCIÓN, ETC. | |
| Lugar de publicación, distribución, etc. | Buenos Aires : |
| Nombre del editor, distribuidor, etc. | La Azotea Editorial Fotográfica, |
| Fecha de publicación, distribución, etc. | 1998. |
| 300 ## - DESCRIPCIÓN FÍSICA | |
| Extensión | 139 p. : |
| Otras características físicas | ill. ; |
| Dimensiones | 25 x 22 cm. |
| 440 #0 - MENCIÓN DE SERIE/PUNTO DE ACCESO ADICIONAL--TÍTULO | |
| Título | Colección Lo nuestro |
| 9 (RLIN) | 4195 |
| 505 ## - NOTA DE CONTENIDO CON FORMATO | |
| Título | Victoria Ocampo |
| -- | Ricardo E. Molinari |
| -- | Miguel Angel Asturias |
| -- | Jorge Luis Borges |
| -- | Leopoldo Marechal |
| -- | Silvina Ocampo |
| -- | Eduardo Mallea |
| -- | Alejo Carpentier |
| -- | Pablo Neruda |
| -- | Juan Carlos Onetti |
| -- | Enrique Molina |
| -- | Manuel Mujica Lainez |
| -- | Ernesto Sabato |
| -- | Octavio Paz |
| -- | Nicanor Parra |
| -- | Adolfo Bioy Caseres |
| -- | Julio Cortazar |
| -- | Augusto Roa Bastos |
| -- | Juan Rulfo |
| -- | Alberto Girri |
| -- | Mario Bennedetti |
| -- | Olga Orozco |
| -- | Carlos Gorostiza |
| -- | Beatriz Guido |
| -- | Gabriel Garcia Marquez |
| -- | Griselda Gambaro |
| -- | Guillermo Cabrera Infante |
| -- | Carlos Fuente |
| -- | David Viñas |
| -- | Maria Elena Walsh |
| -- | Mario Vargas Llosa |
| -- | Alejandra Pizarnik |
| -- | Severo Sarduy |
| 600 10 - PUNTO DE ACCESO ADICIONAL DE MATERIA--NOMBRE DE PERSONA | |
| Nombre de persona | Facio, Sara. |
| 9 (RLIN) | 4196 |
| 650 #0 - PUNTO DE ACCESO ADICIONAL DE MATERIA--TÉRMINO DE MATERIA | |
| Término de materia o nombre geográfico como elemento de entrada | Authors, Latin American |
| Subdivisión general | Portraits. |
| 9 (RLIN) | 4197 |
| 650 #0 - PUNTO DE ACCESO ADICIONAL DE MATERIA--TÉRMINO DE MATERIA | |
| Término de materia o nombre geográfico como elemento de entrada | Portrait photography |
| Subdivisión geográfica | Latin America. |
| 9 (RLIN) | 4198 |
| 906 ## - ELEMENTOS DE DATOS F LOCAL, LDF (RLIN) | |
| a | 7 |
| b | cbc |
| c | orignew |
| d | 2 |
| e | ncip |
| f | 19 |
| g | y-gencatlg |
| Estatus retirado | Estado de pérdida | Fuente del sistema de clasificación o colocación | Estado de daño | No para préstamo | Biblioteca de origen | Biblioteca actual | Ubicación en estantería | Fecha de adquisición | Total de préstamos | Signatura topográfica completa | Código de barras | Visto por última vez | Precio de reemplazo | Tipo de ítem Koha |
|---|---|---|---|---|---|---|---|---|---|---|---|---|---|---|
| Clasificación Decimal Dewey | Biblioteca LadoV | Biblioteca LadoV | 18/11/2015 | 779.209.2 F141f | 000761 | 18/11/2015 | 18/11/2015 | Material 01 |
